000 00203 a2200109 4500
020 _a9780060540937
041 _aeng
100 _aJance, J.A.
245 _aJustice Denied
942 _cBK
952 _71
999 _c18267
_d18267